=LDR 00000nam 2200000 4500 =001 INLIS000000000004933 =005 20130612093210 =008 ***********************************Ind** =035 ##$$0010-061300000004933 =041 ##$$a Ind =082 ##$$a 92 (MARCONI) =090 ##$$a 92 (MARCONI), Par s =100 ##$$a PARKER, Steve =245 ##$$a Suglielmo Marconi dan Radio / oleh Steve Parker. -- =260 ##$$a 1988 $b Jakarta : Quality Press =300 ##$$a 31 hlm. : ilus. ; 24 cm =850 ##$$a NBPNMAT